000
00222 a2200097 4500
001
4117
100
_a
Dazoo,J.J
245
_a
Feedback control system analysis & syntheis
260
_a
_b
Mcgrawhill
_c
090
_c
3334
_d
3334
942
_a
NUST-CAE
_c
M
_c
25936
999
_c
239190
_d
239190